000
00269nam a2200109Ia 4500
008
240625s9999 xx 000 0 und d
041
_a
eng
082
_a
658.8 LOV
100
_a
LOVELOCK CHRISTOPHER
245
_a
SERVICES MARKETING PEOPLE TECHNOLOGY STR
260
_c
2011
999
_c
38230
_d
38230